1217 1410 1359 1843 1325 1085 1991 1461 1018 1940 1336 1443 1771 1262 1973 1121 1203 1595 1400 1263 1303 1212 1496 1670 1025 1477 1497 1774 1223 1075 1525 1386 1728 1290 1418 1855 1901 1015 1741 1912 1295 1126 1309 1059 1938 1728 1331 1189 1093 1188 1032 1232 1110 1330 1933 1616 1631 1019 1643 1471 1214 1042 1311 1605 1711 1917 1836 1676 1396 1797 1248 1557 1155 1818 1656 1378 1487 1414 1652 1203 1813 1105 1268 1595 1788 1994 1805 1915 1126 1758 1021 1651 1557 1307 1085 1571 1630 1547 1458 BCNSPRNW ULIB Ver.6.0+V

เปลี่ยนเป็นภาษาไทย

Change to English
 แสดงรายละเอียดบรรณานุกรม
  กลับหน้าหลัก

Brief Record : Get Marc (ISO 2709) : E-mail record : QR code < ปิดหน้าต่าง
LEADER : 00000nam 2200000uu 4500
001    13399127885
003     ULIB
008    211019s2562||||th 000 0 tha d
020    ^a9786160446353
050  4 ^aQA107.2^bก182ก
100 1  ^aกวังบก, ชิน
245 10 ^aเก่งคณิตด้วยตัวเองจนคุณครูตกใจ :^bคณิตศาสตร์ในชีวิตประจำวัน =Mastering elementary math :^bthe world looking through the mathematics /^cShin Gwangbok ; ภาพประกอบ, Lee Wonhui ; แปล, ธัชชา ธีรปกรณ์ชัย
246 31 ^aMastering elementary math : the world looking through the mathematics
260    ^aกรุงเทพฯ :^bนานมีบุ๊คส์,^c2562
300    ^a183 หน้า :^bภาพประกอบ
490    ^aชุด เก่งวิทย์ด้วยตัวเองจนคุณครูตกใจ
650  4 ^aคณิตศาสตร์^xการศึกษาและการสอน
650  4 ^aคณิตศาสตร์
700 0  ^aLee, Wonhui
700 0  ^aธัชชา ธีรปกรณ์ชัย,^eผู้แปล
700 1  ^aGwangbok, Shin
945    ^p225^l0^i008515
999    ^aประนอม เกษจรัล
รายการนี้ยังไม่มีแท็ก
คุณยังไม่ได้ล็อกอิน คุณสามารถมีกิจกรรมร่วมกับเว็บไซต์ได้ แต่ต้องล็อกอินก่อน ::
  ล็อกอิน

รายการสื่อสารสนเทศ

ลำดับที่ ประเภท เลขเรียก/บาร์โค้ด สถานที่ สถานะ
1. การศึกษาทั่วไป
หนังสือสำรอง
สถานะ=หนังสือสำรอง
QA107.2 ก182ก ฉ.1 
  Barcode: 008515
ห้องสมุดวิทยาเขตสวรรค์ประชารักษ์
►หนังสือทั่วไป
บนชั้น

รายการใกล้เคียง
    ผู้แต่ง [กวังบก, ชิน]

    หัวเรื่อง [คณิตศาสตร์]

BibComment


ยังไม่เคยถูกคอมเมนท์

คอมเมนท์ทรัพยากรรายการนี้
  คอมเมนท์: เก่งคณิตด้วยตัวเ..


 Copyright 2026. Bcnsprnw @Library